Yogis, destiny and the wheel of time (Record no. 492900)

000 -LEADER
fixed length control field 00310cam a22001217a 4500
008 - FIXED-LENGTH DATA ELEMENTS--GENERAL INFORMATION
fixed length control field 180718b1996 xxu||||| |||| 00| 0 eng d
082 ## - DEWEY DECIMAL CLASSIFICATION NUMBER
Classification number YA6 R18y
100 ## - MAIN ENTRY--PERSONAL NAME
Personal name Rao, K.N.
245 ## - TITLE STATEMENT
Title Yogis, destiny and the wheel of time
Statement of responsibility, etc. by K.N. Rao
260 ## - PUBLICATION, DISTRIBUTION, ETC.
Place of publication, distribution, etc. Lucknow
Name of publisher, distributor, etc. Vani
Date of publication, distribution, etc. 1996
300 ## - PHYSICAL DESCRIPTION
Extent 285p.
650 ## - SUBJECT ADDED ENTRY--TOPICAL TERM
Topical term or geographic name entry element Astrology
Holdings
Withdrawn status Lost status Damaged status Not for loan Permanent Location Current Location Date acquired Full call number Barcode Date last seen Price effective from Koha item type
        Indian Institute of Public Administration Indian Institute of Public Administration 2018-08-04 YA6 R18y GR17028 2018-08-04 2018-08-04 GR

Powered by Koha